Statistiques concernant Culture Générale - Série 2560

Cliquez ici pour prendre le quiz!

Statistiques générales

  • Ce quiz a été pris 105 fois
  • Le résultat moyen est 4 sur 10

Statistiques - réponses

QuestionRéponse% Correct
Comment appelle-t-on un épluche-légumes ?économe
74%
Quelle race d'animal peut-être appelée "spitz" ?chien
67%
De quel fleuve français la Baïse est-elle un affluent ?Garonne
61%
Que fabrique la chenille de l'insecte appelé bombyx ?soie
56%
De quel état insulaire d'Océanie situé en Micronésie Yaren est-elle la capitale ?Nauru
46%
Cette actrice française a tourné dans "Police" et "Sous le soleil de Satan" de Maurice Pialat ? prénom et nom - voir photoSandrine Bonnaire
39%
Dans quel département français se trouve la commune d'Ussel ?Corrèze
34%
Cavalier mercenaire des armées de Pologne, de Prusse et d'Allemagne.uhlan
10%
En biologie, ce terme au masculin désigne le stade final d'un individu dont le développement se déroule en plusieurs phases - Forme adulte et complète de l'insecte à métamorphosesimago
6%
Comment appelle-t-on la partie immergée de la coque d'un navire ?carène
3%

Distribution des résultats

Percentile par nombre de réponses

% des personnes avec chaque résultat

Votre développement - résultats

Vous n’avez pas pris ce quiz